00717nam a2200169Ia 4500999001700000082001200017100002600029245012800055260003100183300002200214650004600236650009000282650004200372710002000414942001200434952010100446 c21493d21493 aTL.0030 aLalita Kumari, Volety 0aStudy of some aspects of the American economic assistance programme in India during the Kennedy and Johnson administrations c1976bUniversity of Bombay a518p. + C D - 44 aINDIA - FOREIGN RELATIONS - UNITED STATES aUNITED STATES - FOREIGN RELATIONS - INDIA//INDIA - FOREIGN RELATIONS - UNITED STATES  aECONOMIC ASSISTANCE, AMERICAN - INDIA aRamesh Babu, B. cTH2ddc 00104070aNASSDOCbNASSDOCd2004-10-08l0oTL.0030p10172r2019-04-18 00:00:00w2019-04-18yTH